00429nam a2200145Ia 4500008004100000041000900041082001800050100002400068245002600092260003700118300000800155650000800163999001700171952009500188230718s9999 xx 000 0 und d aEng. a340.52bNAY-I aNayzee 7 Imran Chan 0aIslamic law of basing aPakistanbSweet and Moxualc1857 a347 aLaw c29029d29029 00104070aSIRC-LbSIRC-Ld2023-07-18l0o340.52 NAY-Ip23980r2023-07-18w2023-07-18yBK